Online Catalogue and eLibrary

Kulanthaikalukkum ungalukkum idaye (Record no. 1550)

MARC details
000 -LEADER
fixed length control field 00223nam a2200097Ia 4500
008 - FIXED-LENGTH DATA ELEMENTS--GENERAL INFORMATION
fixed length control field 240331s9999 xx 000 0 und d
082 ## - DDC Classification
Item Number - Author Mark GIN
100 ## - MAIN ENTRY--PERSONAL NAME
Personal name Ginott, H.G
245 #0 - TITLE STATEMENT
Title Kulanthaikalukkum ungalukkum idaye
942 ## - Koha item type (Biblio)
Koha item type Books in Stacks (Lending)
Holdings
Lost status Damaged status Collection code Home library Current library Shelving location Date acquired Full call number Accession Number Item type
    Lending WERC Library WERC Library Social Science Cupboard 03/31/2024 305.23 GIN 4440 Books in Stacks (Lending)

© WERC Library